Az új módszerű gépesített szénabetakarítás lehetőségei és eredményei adott mezőgazdasági üzemben
Elmentve itt :
| Szerző: | |
|---|---|
| További közreműködők: | |
| Dokumentumtípus: | Szakdolgozat |
| Megjelent: |
1971
|
| Kulcsszavak: | Szénabetakarítás Gépesítés, szénabetakarítás |
| Tárgyszavak: | |
| Online Access: | http://diploma.bibl.u-szeged.hu/97784 |
| LEADER | 00895nta a2200253 i 4500 | ||
|---|---|---|---|
| 001 | dipl97784 | ||
| 005 | 20220204182323.0 | ||
| 008 | 220204s1971 hu om 0|| hun d | ||
| 040 | |a SZTE Diploma Repozitórium |b hun | ||
| 041 | |a hun | ||
| 100 | 1 | |a Veres Imre | |
| 245 | 1 | 3 | |a Az új módszerű gépesített szénabetakarítás lehetőségei és eredményei adott mezőgazdasági üzemben |h [elektronikus dokumentum] / |c Imre Veres |
| 260 | |c 1971 | ||
| 300 | |a 34 | ||
| 650 | 4 | |a Agrár | |
| 650 | 4 | |a Agricultural sciences | |
| 650 | 4 | |a Other agricultural sciences | |
| 650 | 4 | |a Agricultural engineering | |
| 650 | 4 | |a Animal feeding equipment | |
| 650 | 4 | |a Crop harvesting equipment | |
| 695 | |a Szénabetakarítás | ||
| 695 | |a Gépesítés, szénabetakarítás | ||
| 700 | 1 | |a Sándor István |e ths | |
| 856 | 4 | 0 | |u http://diploma.bibl.u-szeged.hu/id/eprint/97784/1/1971_veres_imre.pdf |z Dokumentum-elérés |